000 00337nam a22001457a 4500
003 OSt
005 20220311143614.0
008 220103b |||||||| |||| 00| 0 eng d
020 _a9789380444543
040 _cHU
082 _a006.454
100 _aManocha
_926715
245 _aUnderstanding Electrical Workshop
942 _2ddc
_cBOOKS
_n0
999 _c25662
_d25662